书目信息 |
| 题名: |
法语经典课文选读
|
|
| 作者: | 曹德明 主编 ;王蓓丽 分册主编 | |
| 分册: | 下 中级 | |
| 出版信息: | 上海 上海译文出版社有限公司 2024.12 |
|
| 页数: | 120页 | |
| 开本: | 26cm | |
| 丛书名: | ||
| 单 册: | ||
| 中图分类: | H329.4 | |
| 科图分类: | ||
| 主题词: | 法语--语言读物 | |
| 电子资源: | ||
| ISBN: | 978-7-5327-9764-6 | |
| 000 | 00976nam0 2200265 450 | |
| 001 | 01055317 | |
| 005 | 20250924202634.31 | |
| 010 | @a978-7-5327-9764-6@dCNY48.00 | |
| 100 | @a20250211d2024 em y0chiy0120 ea | |
| 101 | 0 | @achi@afre |
| 102 | @aCN@b310000 | |
| 105 | @ay z 000yy | |
| 106 | @ar | |
| 200 | 1 | @a法语经典课文选读@9fa yu jing dian ke wen xuan du@i中级@h下@f曹德明主编@g王蓓丽分册主编 |
| 210 | @a上海@c上海译文出版社有限公司@d2024.12 | |
| 215 | @a120页@d26cm | |
| 300 | @a世界经典阅读 | |
| 312 | @a封面法文共同题名:Francais textes classiques choisis | |
| 330 | @a本书共分八个单元,涵盖童年回忆、休闲旅游、艺术与文化、媒体、环境以及生活趣闻等领域。每篇课文由资深教师从经典法语书籍中精心遴选,并配有导读、注释和练习,帮助读者理解文本。 | |
| 606 | 0 | @a法语@j语言读物 |
| 690 | @aH329.4@v5 | |
| 701 | 0 | @a曹德明@9cao de ming@4主编 |
| 702 | 0 | @a王蓓丽@9wang bei li@4分册主编 |
| 801 | 0 | @aCN@c20250908 |
| 905 | @a河南城建学院图书馆@dH329.4@eC104:2@ZC104:2@f1 | |
| 法语经典课文选读.中级.下/曹德明主编/王蓓丽分册主编.-上海:上海译文出版社有限公司,2024.12 |
| 120页;26cm |
| 世界经典阅读 |
| ISBN 978-7-5327-9764-6:CNY48.00 |
| 本书共分八个单元,涵盖童年回忆、休闲旅游、艺术与文化、媒体、环境以及生活趣闻等领域。每篇课文由资深教师从经典法语书籍中精心遴选,并配有导读、注释和练习,帮助读者理解文本。 |
| ● |
| 相关链接 |
|
|
|
正题名:法语经典课文选读
索取号:H329.4/C104:2
 
预约/预借
| 序号 | 登录号 | 条形码 | 馆藏地/架位号 | 状态 | 备注 |
| 1 | 1631690 | 216316902 | 语言库209/209语言库 116排2列5层/ [索取号:H329.4/C104:2] | 在馆 |